000 004560000a22001810004500
003 MACL
005 20150708131024.0
008 150708b xxu||||| |||| 00| 0 eng d
040 _aMACL
_cMACL
041 _aEnglish
082 _a320
100 _aJogdand, Prahlad Gangaram
_91404
245 _aDalit Movement In Maharashtra
260 _bKanak Publications
_c1991
_aNew Delhi
350 _a200
650 _aPolitical Science
_988
942 _cBK
_k320
_2ddc
999 _c4389
_d4389